000 00741nas a2200253 4500
001 BR9604471
003 BR-BrBNA
005 20231205095321.0
007 ta
008 230509b bl.|||p| |||| 00| 00por d
040 _aBR-BrBNA
_bpor
_cBiblioteca Nacional de Agricultura
041 _a(Pt)
072 _aF50; F62
100 1 _aSilva, L.M. de M.
100 1 _aMatos, V.P.
245 1 _aMorfologia da semente e da germinacao de Erytrina velutina Willd.
650 _aEritrina
650 _aSemente
650 _aMorfologia Vegetal
650 _aGerminacao
773 0 _tRevista Arvore (Brazil)
_xISSN 0100-6762
_g(May-Aug 1991), v. 15(2) p. 137-143
_wBR9604471
909 _a202311
_bLúcia
_c55
_dLúcia Elande
942 _2AGRIS
_n0
_cANA
999 _c150025
_d150025